Rule and Exercises of Holy Living. Vol. II Temple Classic (Record no. 555)

MARC details
000 -LEADER
fixed length control field 00399nam a2200133Ia 4500
008 - FIXED-LENGTH DATA ELEMENTS--GENERAL INFORMATION
fixed length control field 211109s9999||||xx |||||||||||||| ||und||
082 ## - DEWEY DECIMAL CLASSIFICATION NUMBER
Classification number 241.54
Item number JER-R
100 ## - MAIN ENTRY--PERSONAL NAME
Personal name Jeremy, Taylor
245 #0 - TITLE STATEMENT
Title Rule and Exercises of Holy Living. Vol. II Temple Classic
260 ## - PUBLICATION, DISTRIBUTION, ETC.
Name of publisher, distributor, etc. G. M. Dent
Place of publication, distribution, etc. New York
Date of publication, distribution, etc. 1960
630 ## - SUBJECT ADDED ENTRY--UNIFORM TITLE
General subdivision General Stack
650 ## - SUBJECT ADDED ENTRY--TOPICAL TERM
Topical term or geographic name entry element Religion
942 ## - ADDED ENTRY ELEMENTS (KOHA)
Koha item type BOOK
650 ## - SUBJECT ADDED ENTRY--TOPICAL TERM
Form subdivision Christianity,Saints
General subdivision Christian Theology
Holdings
Withdrawn status Lost status Damaged status Not for loan Home library Current library Date acquired Cost, normal purchase price Total Checkouts Full call number Barcode Shelving location Date last seen Price effective from Koha item type
        SB LIBRARY SB LIBRARY 09/11/2021 25.60   241.54 JER-R 00000555 GENERAL STACK 09/11/2021 09/11/2021 BOOK

Powered by Koha